| Tag |
First Indicator |
Second Indicator |
Subfields |
| LEADER |
00000cam a2200000 a 4500 |
| 001 |
in00000013796 |
| 005 |
20151007052431.0 |
| 008 |
850215s1985 nyu 00011 eng |
| 010 |
|
|
|a 84048603
|
| 020 |
|
|
|a 0060154314 :
|c $16.95
|
| 035 |
|
|
|a (OCoLC)11785377
|
| 035 |
|
|
|9 AAA7766AM
|
| 040 |
|
|
|a DLC
|c DLC
|d m/c
|d TXA
|d UtOrBLW
|
| 049 |
|
|
|a TXAM
|c [A11056168]
|
| 050 |
0 |
0 |
|a PS3558.E825
|b L3 1985
|
| 082 |
0 |
|
|a 813/.54
|2 19
|
| 100 |
1 |
|
|a Hewar, Alan V.
|
| 245 |
1 |
0 |
|a Lady's time /
|c Alan V. Hewar.
|
| 250 |
|
|
|a 1st ed.
|
| 264 |
|
1 |
|a New York :
|b Harper & Row,
|c [1985]
|
| 264 |
|
4 |
|c ©1985
|
| 300 |
|
|
|a 338 pages ;
|c 22 cm.
|
| 336 |
|
|
|a text
|b txt
|2 rdacontent
|
| 337 |
|
|
|a unmediated
|b n
|2 rdamedia
|
| 338 |
|
|
|a volume
|b nc
|2 rdacarrier
|
| 586 |
|
|
|a Hemingway Foundation/ PEN Award, 1986
|
| 999 |
|
|
|a MARS
|
| 999 |
f |
f |
|s 59f13533-0902-388b-8887-2d9ea755905f
|i b94c9ddb-8726-3a6a-9ca8-6c909ca0b044
|t 0
|
| 952 |
f |
f |
|p ric
|a Texas A&M University
|b Rellis Campus
|c Joint Library Facility
|d Remote Storage
|t 0
|e PS3558.E825 L3 1985
|h Library of Congress classification
|i unmediated -- volume
|m A14811056168
|
| 998 |
f |
f |
|a PS3558.E825 L3 1985
|t 0
|l Remote Storage
|